00774cam a2200229Ia 4500020001500000020001800015040000800033082002600041100001800067245008600085250001100171260003800182300002500220650002500245650002800270650002300298650002800321650001800349942001000367999001700377952015000394 a0679776397 a9780679776390 cYMM a128 VIN 1996 C145 Or.1 aAbram, David,14aThe spell of the sensuous :bperception and language in a more-than-human world / a1st ed aNew York :bVintage Books,cc1996 axii, 326 p. ;c25 cm 0aPhilosophy of nature 0aHuman body (Philosophy) 0aSense (Philosophy) 0aPerception (Philosophy) 0aHuman ecology cAEDBB c18426d18426 0010406128_000000000000000_VIN_1996_C145_OR70982426aLBCbLBCcC145d2019-11-28eA36676o128 VIN 1996 C145 Or.r2019-11-28w2019-11-28yAEDBB